• 首页
  • 本馆介绍
  • 公告通知
  • 最新文献
  • 馆藏检索
  • 电子资源
  • 读者导购
  • 参考咨询
  • 我的图书馆
  • 登录
  • 详细信息显示
  • 放入我的书架
  • 预约/预借图书
  • 作者相关作品
  • 分类相关作品
  • 丛书相关作品
  • 出版社相关作品

书目信息

  • 表格格式
  • 工作单格式
  • 卡片格式
题名:
学校教育社会风险评估概论
    
 
作者: 夏人青 , 何玉海 , 杨琼 著
分册:  
出版信息: 北京   高等教育出版社  2013
页数: 142页
开本: 24cm
丛书名: 教育评估文库
单 册:
中图分类: G40-058.1
科图分类:
主题词: 学校教育--风险评价--研究
电子资源:
ISBN: 978-7-04-032843-1
000 01043nam0 2200277 450
001 0102860431
005 20130731141513.0
010    @a978-7-04-032843-1@dCNY23.80
100    @a20130523d2013 em y0chiy0120 ea
101 0  @achi
102    @aCN@b110000
105    @ay z 000yy
106    @ar
200 1  @a学校教育社会风险评估概论@9Xue Xiao;Jiao Jiao Yu;Yo She Hui;Kuai Feng Xian Ping Gu Gai Lun @f夏人青,何玉海,杨琼等著@b专著
210    @a北京@c高等教育出版社@d2013
215    @a142页@d24cm
225 1  @a教育评估文库
304    @a上海市教育评估院组织编写
330    @a本书从社会风险管理的视域,从社会给学校教育带来的潜在风险和学校教育某些因素给社会带来的潜在风险两个维度入手,系统地研究界定了学校教育社会风险的概念、类型与特征。
606 0  @a学校教育@x风险评价@x研究
690    @aG40-058.1@v5
701  0 @a夏人青@c(女,@f1954~)@4著@9xia ren qing
701  0 @a何玉海@f(1962~)@4著@9he yu hai
701  0 @a杨琼@c(女,教育评估,@f1969~)@4著@9yang qiong
801  0 @aCN@bAZmarc@c20230906
905    @aBZT@dG40@e1011@f1@sG40/1011
    
    学校教育社会风险评估概论/夏人青,何玉海,杨琼等著.-北京:高等教育出版社,2013
    142页;24cm.-(教育评估文库)
    
    
    ISBN 978-7-04-032843-1:CNY23.80
    本书从社会风险管理的视域,从社会给学校教育带来的潜在风险和学校教育某些因素给社会带来的潜在风险两个维度入手,系统地研究界定了学校教育社会风险的概念、类型与特征。
●
相关链接 在五车中查询图书 在当当中查询图书 在豆瓣中查询图书


正题名:学校教育社会风险评估概论     索取号:G40/1011         预约/预借

序号 登录号 条形码 馆藏地/架位号 状态 备注
1 2000008038   2000008038   旧书回溯/ [索取号:G40/1011] 在馆    
山东省滨州职业学院图书馆 欢迎您!
大连网信软件有限公司© 版权所有